00842nam a2200229 a 450000100060000000300080000600500170001400800410003103500190007204000450009104100080013608200260014410000280017024501060019825000110030426000390031530000340035450400860038865000670047470000360054170000350057769687BD-RjUL20211209081920.0170413s1964 enka b 000 0 eng  a(BD-RjUL)69899 aDLCcODaWUdOCoLCdUkdDLCdBD-RjULbeng aeng 223a541.076bWON 19641 aWolfenden, John Hulton.10aNumerical problems in advanced physical chemistry /cJ.H. Wolfenden, R.E. Richards and E.E. Richards. a2d ed. aOxford :bClarendon Press,cc1964. axvi, 258 p. :bill. ;c23 cm. aBibliographical references included in "Notes on the use of the book" (p. xv-xvi) 0aChemistry, Physical and theoreticalxProblems, exercises, etc. aRichards, R.E. qJoint authors aRichards, E.E. qJoint authors